000 00321nam a2200109Ia 4500
008 171204s9999 xx 000 0 und d
245 _aResearch Handbook on Electronic Commerce Law:
245 _cJohn A. Rothchild
260 _c2016
650 _xBUSINESS RESEARCH
856 _uhttp://down.ebook777.com/032/1783479914.pdf
999 _c346944
_d346944